|
|
|
|
| LEADER |
01018pam a22003138a 4500 |
| 001 |
00032779 |
| 005 |
20171026081025.0 |
| 008 |
141124s2014 ||||||Viesd |
| 020 |
|
|
|c 54000
|
| 041 |
0 |
# |
|a Vie
|
| 082 |
1 |
4 |
|a 895.922 334
|b Đ124R
|
| 100 |
1 |
# |
|a Đoàn, Giỏi
|
| 245 |
0 |
0 |
|a Đất rừng phương nam
|b Tiểu thuyết
|c Đoàn Giỏi
|
| 260 |
# |
# |
|a Hà Nội
|b Thời đại
|c 2014
|
| 300 |
# |
# |
|a 286 tr.
|c 21 cm.
|
| 490 |
# |
# |
|a Tủ sách Văn học nhà trường
|
| 653 |
# |
# |
|a Miền Nam
|
| 653 |
# |
# |
|a Tiểu thuyết
|
| 653 |
# |
# |
|a Tác phẩm
|
| 653 |
# |
# |
|a Văn học Việt Nam
|
| 653 |
# |
# |
|a Văn học hiện đại
|
| 852 |
# |
# |
|b Kho mượn
|j KM.0017468, KM.0017469, KM.0017470, KM.0017471
|
| 852 |
# |
# |
|b Kho đọc
|j KD.0016382
|
| 852 |
# |
# |
|j KM.0017469
|j KM.0017470
|j KM.0017471
|j KD.0016382
|j KM.0017468
|
| 910 |
|
|
|d 24/11/2014
|
| 980 |
# |
# |
|a Trung tâm Học liệu Lê Vũ Hùng, Trường Đại học Đồng Tháp
|